Física general
Saved in:
| 主要作者: | |
|---|---|
| 其他作者: | |
| 格式: | 圖書 |
| 語言: | 西班牙语 |
| 出版: |
Ciudad de México, México
McGraw Hill
2001
|
| 版: | Novena edición |
| 叢編: | Schaum
|
| 主題: | |
| 標簽: |
添加標簽
沒有標簽, 成為第一個標記此記錄!
|
MARC
| LEADER | 00000nam a2200000 a 4500 | ||
|---|---|---|---|
| 001 | UCO6576 | ||
| 003 | CL-VaPUC | ||
| 005 | 20230823143522.0 | ||
| 008 | 001027e20010000MX |||||||||||||||||spa|d | ||
| 999 | |c 292062 |d 292060 | ||
| 020 | |a 9701034554 | ||
| 040 | |c Pontificia Universidad Católica de Valparaíso | ||
| 082 | 0 | 4 | |a 530 BUE 2001 |2 21 |
| 100 | 0 | |a Bueche, Frederick J |9 451326 | |
| 245 | 1 | 0 | |a Física general |
| 250 | |a Novena edición | ||
| 260 | 0 | 3 | |a Ciudad de México, México |b McGraw Hill |c 2001 |
| 300 | |a 570 páginas | ||
| 490 | 0 | |a Schaum | |
| 500 | |a c.11. Donación MEM/ING s/n. 10/8/2023 | ||
| 583 | |a last modification |c 20001027 00:00:00 |k Rodrigo Vera | ||
| 650 | 7 | |a CALORIMETRIA |2 CL-VaPUC |9 360146 | |
| 650 | 7 | |a CAMPOS MAGNETICOS |2 CL-VaPUC |9 451328 | |
| 650 | 0 | |a Corriente alterna |9 260070 | |
| 650 | 7 | |a DENSIDAD |2 CL-VaPUC |9 361498 | |
| 650 | 7 | |a ELASTICIDAD |2 CL-VaPUC |9 266503 | |
| 650 | 0 | |a Energía |9 259431 | |
| 650 | 0 | |a Entropía |9 262675 | |
| 650 | 0 | |a Física |9 227844 | |
| 650 | 0 | |a Fluidos |9 259333 | |
| 650 | 7 | |a FLUJO MAGNETICO |2 CL-VaPUC |9 363512 | |
| 650 | 7 | |a GENERADORES |2 CL-VaPUC |9 361256 | |
| 650 | 0 | |a Inductancia |9 354945 | |
| 650 | 7 | |a LEY DE COULOMB |2 CL-VaPUC |9 354939 | |
| 650 | 7 | |a LEYES DE NEWTON |2 CL-VaPUC |9 354936 | |
| 650 | 0 | |a Luz |9 263172 | |
| 650 | 0 | |a Motores eléctricos |9 260085 | |
| 650 | 7 | |a POTENCIA |2 CL-VaPUC |9 451329 | |
| 650 | 7 | |a POTENCIA ELECTRICA |2 CL-VaPUC |9 345463 | |
| 650 | 7 | |a TEORIA CINETICA |2 CL-VaPUC |9 355304 | |
| 650 | 0 | |a Termodinámica |9 259320 | |
| 650 | 0 | |a Trabajo |9 313876 | |
| 650 | 0 | |a Transferencia de energía |9 264273 | |
| 700 | |a Hecht, Eugene |9 565824 | ||
| 942 | |c BK |2 ddc | ||
| 945 | |d 20001027 00:00:00 |a vberengu | ||
| 952 | |0 0 |1 0 |2 ddc |4 0 |6 530_000000000000000_BUE_2001 |7 0 |8 A |9 342605 |a BIBCUR |b BIBCUR |d 2019-11-20 |i 3664570 |o 530 BUE 2001 |p 3664570 |r 2025-04-22 |t 1 |w 2019-11-20 |y BK |k BCB | ||
| 952 | |0 0 |1 0 |2 ddc |4 0 |6 530_000000000000000_BUE_2001 |7 0 |8 A |9 342606 |a BIBMEC |b BIBMEC |d 2019-11-20 |i 3782719 |l 1 |o 530 BUE 2001 |p 3782719 |r 2024-01-19 |s 2022-03-21 |t 9 |w 2019-11-20 |y BK |k MEC | ||
| 952 | |0 0 |1 0 |2 ddc |4 0 |6 530_000000000000000_BUE_2001 |7 0 |8 A |9 342607 |a BIBMEC |b BIBMEC |d 2019-11-20 |i 3784614 |o 530 BUE 2001 |p 3784614 |r 2019-11-20 |t 10 |w 2019-11-20 |y BK |k MEC | ||
| 952 | |0 0 |1 0 |2 ddc |4 0 |6 530_000000000000000_BUE_2001 |7 0 |8 A |9 342608 |a BIBCUR |b BIBCUR |d 2019-11-20 |i 2061686 |o 530 BUE 2001 |p 2061686 |r 2025-04-22 |t 2 |w 2019-11-20 |y BK |k FIS | ||
| 952 | |0 0 |1 0 |2 ddc |4 0 |6 530_000000000000000_BUE_2001 |7 0 |8 A |9 342609 |a BIBCUR |b BIBCUR |d 2019-11-20 |i 3878171 |l 5 |o 530 BUE 2001 |p 3878171 |r 2025-04-22 |s 2024-11-15 |t 3 |w 2019-11-20 |y BK |k BCB | ||
| 952 | |0 0 |1 0 |2 ddc |4 0 |6 530_000000000000000_BUE_2001 |7 0 |8 A |9 342611 |a BIBCUR |b BIBCUR |d 2019-11-20 |i 4176073 |o 530 BUE 2001 |p 4176073 |r 2025-04-22 |t 5 |w 2019-11-20 |y BK |k BCB | ||
| 952 | |0 0 |1 0 |2 ddc |4 0 |6 530_000000000000000_BUE_2001 |7 0 |8 A |9 342613 |a BIBING |b BIBING |c RES |d 2019-11-20 |i 4374304 |o 530 BUE 2001 |p 4374304 |r 2025-01-20 |t 8 |w 2019-11-20 |y BK |k EIE | ||
| 952 | |0 0 |1 0 |2 ddc |4 0 |6 530_000000000000000_BUE_2001 |7 0 |8 A |9 591205 |a BIBING |b BIBING |d 2023-08-11 |e Donación |i 5658375 |o 530 BUE 2001 |p 5658375 |r 2025-01-20 |t 11 |w 2019-11-20 |y BK |k EII | ||